|
|
|
|
| LEADER |
00000nam a22000007a 4500 |
| 005 |
20171122164837.0 |
| 007 |
cr|||| |||| |
| 008 |
171122s2009 mx |||||s|||| 00||0 spa d |
| 020 |
|
|
|a 978-970-701-907-2
|
| 035 |
|
|
|a 20854
|
| 040 |
|
|
|a vLex
|
| 090 |
|
|
|c 7230
|d 7230
|
| 100 |
1 |
|
|a Ramos Garca̕, Jos ̌Mara̕
|
| 245 |
1 |
0 |
|a Gobiernos locales en Mx̌ico
|h [Recurso electrn̤ico]:
|b Hacia una agenda de gestin̤ estratǧica de desarrollo /
|c Jos ̌Mara̕ Ramos Garca̕
|
| 256 |
|
|
|a Servicio en ln̕ea
|
| 260 |
|
|
|a Ciudad de Mx̌ico:
|b Cm̀ara de diputados,
|c 2007
|
| 300 |
|
|
|a 1 recurso electrn̤ico
|
| 506 |
1 |
|
|a Disponible solo en los productos indicados
|d vLex Global
|d vLex Global (Academic Edition, excluding Law Schools)
|d vLex Global (U.S. Academic Edition, Law Schools)
|d vLex Global (U.S. Academic Edition, excluding Law Schools)
|d vLex Global (Academic Edition, Law Schools)
|
| 650 |
0 |
4 |
|a Derecho Laboral
|z Mx̌ico
|
| 650 |
0 |
4 |
|a Derecho Pb︢lico
|z Mx̌ico
|
| 650 |
0 |
4 |
|a Derecho Administrativo
|z Mx̌ico
|
| 650 |
0 |
4 |
|a Derecho Constitucional
|z Mx̌ico
|
| 740 |
0 |
|
|a vLex Libros (Servicio en ln̕ea)
|
| 856 |
4 |
0 |
|z Acceso restringido
|u http://vlex.com/source/gobiernos-locales-en-mexico-hacia-una-agenda-de-gestion-estrategica-de-desarrollo-20854
|
| 942 |
|
|
|c BOOK
|
| 999 |
0 |
|
|a Labor laws and legislation
|
| 999 |
0 |
|
|a Public law
|
| 999 |
0 |
|
|a Administrative law
|